Tres golpes de tacón /

Guardado en:
Detalles Bibliográficos
Autor principal: Orozco, Rebeca (autor)
Formato: Libro
Idioma:Español
Publicado: México : Booket, 2009, c2009
Colección:(Booket Planeta. Novela Histórica)
Temas:
Etiquetas: Agrega una etiqueta
Sin etiquetas, Sé el primero en etiquetar este registro!

MARC

LEADER 00000nam^a2200000^a^4500
001 000329961
005 20250521000000.0
009 20260310113951.35
020 |a 978-607-07-0723-0 
037 |a Acervo ITESO - Biblioteca 
041 |a ESP 
082 |a 863.  |b ORO 
100 |a Orozco, Rebeca  |e (autor) 
245 1 0 |a Tres golpes de tacón /  |c R. Orozco. 
264 4 |a México :  |b Booket,  |c 2009, c2009 
300 |a 239 p. 
336 |a texto  |b txt  |2 rdacontenido 
337 |a sin mediación  |b n  |2 rdamedio 
338 |a volumen  |b nc  |2 rdasoporte 
440 1 |a (Booket Planeta.  |p Novela Histórica) 
649 |a XX 
650 |a Independentistas Mexicanos 
650 |a Mujeres Mexicanas 
650 |a Mujeres en la Literatura 
650 |a Novela Mexicana 
650 |a Novela Histórica -  |z México 
650 |a Literatura Mexicana -  |y Siglo XXI 
650 |a Literatura de Mujeres -  |z México 
650 |a Literatura e Historia -  |z México 
650 |a México -  |x Historia -  |y Guerra de Independencia, 1810-1821 
650 |a México -  |x Historia -  |y Virreinato, 1535-1821 
650 |a México -  |x Historia -  |y Epoca Colonial, 1517-1821 
650 |a Ortiz de Domínguez, Josefa -  |x Tema Principal 
910 |a Fondo General 
920 |a Impresos - Libros 
930 |a Colección General 
940 |a Literatura 
905 |a 101 
901 |a 0500219476  |b IT1  |c LIT  |i C135497  |u 20250521 
902 |a https://opac.biblio.iteso.mx/vufind/Record/000329961